| LEADER |
01008nam0a2200217 450 |
| 001 |
16847811 |
| 010 |
|
|
|a 978-3-8365-1984-7
|b Br.
|d 29,99
|
| 100 |
|
|
|a 20110113d2011 u u0frey01 ba
|
| 101 |
0 |
|
|a fre
|
| 102 |
|
|
|a DE
|
| 200 |
0 |
|
|a Cars now !
|f Dan Ross
|
| 207 |
|
1 |
|a
|
| 210 |
|
|
|a Berlin
|c Taschen
|d 2011
|
| 215 |
|
|
|a 448 p.
|c illustrations en noir et en couleur
|d 25 x 20 cm
|
| 225 |
1 |
|
|a Midi
|
| 300 |
|
|
|a Ed. trilingue français-anglais-allemand
|
| 330 |
|
|
|a Guide sur les automobiles contemporaines stylées, innovantes et étonnantes, de la Smart à zéro émission en passant par la Nano de Tata. Un chapitre pour chaque constructeur important avec ses plus beaux modèles, des entretiens avec des designers et des entrepreneurs à la pointe du changement et des articles consacrés à la culture de rue.
|
| 700 |
|
0 |
|a Ross
|b Dan
|4 70
|
| 900 |
|
|
|a Documentaire
|
| 901 |
|
|
|a Accessible au prêt
|
| 995 |
|
|
|a Bibliothèque
|c Bibliothèque
|f 00156008231334
|h 00156008231334
|k 629.2 ROS
|o p
|q a
|r az
|e Bibliothèque
|